000
00272nam a22000977a 4500
999
_c
11660
_d
11660
008
191120b ||||| |||| 00| 0 eng d
020
_a
9789332421714
100
_a
Sharma
_9
7362
245
_a
Panchtantra a Collection of 37 Moral Stories
260
_a
New Delhi
_b
Paper Clip
_c
2019